Z Bulharska (rozvoj knihovníctva v Bulharsku)

Bibliographic Details
Main Author: Brozmannová, Želmíra, 1940- (Author)
Format: Article
Language:Slovak
Subjects:

MARC

LEADER 00000nab a2200000 a 4500
001 vtls010059475
003 SK-MaSNL
005 20260304053942.0
008 230218c1973 xo 0 slo
015 |a SNBRB2010/02  |2 snkbucl 
040 |a SNKBUCL  |b slo  |c SNKBUCL  |e AACR2 
041 0 |a slo 
044 |a xo  |c SK 
080 |a 02  |x (497.2)  |2 1997 
100 1 |a Brozmannová, Želmíra,  |d 1940-  |4 aut  |9 5115 
245 1 0 |a Z Bulharska  |b (rozvoj knihovníctva v Bulharsku)  |c Želmíra Brozmannová 
650 0 7 |a knihovníctvo  |2 snkbucl  |9 1557 
651 7 |a Bulharsko  |2 snkbucl  |9 20172 
655 7 |a články z novín a časopisov  |2 snkbucl  |9 267496 
773 0 |t Čitateľ  |g Roč. 22, č. 6 (1973), s. 222-223 
850 |a Slovenská národná knižnica v Martine 
852 |a SNK  |b KIS3GCP 
954 |a odborná, vedecká literatúra pôvodná (slovenská)  |2 lita 
958 |a BG 
958 |a KL 
958 |a OND 
958 |a EUIPO 
992 |a RBX 
999 |c 2716210  |d 2718140